00337nam a2200109Ia 4500008004100000082000800041100001200049245005000061942000600111952009500117999001500212240331s9999 xx 000 0 und d bBES aBest, S 0aPost modern theory :bcritical Interrogations cL 001040708LaWERCLbWERCLcSSCd2024-03-31l0o 306 BESp1155r2024-03-31w2024-03-31yL c2107d2107